| 000 | 00547nam a2200181 a 4500 | ||
|---|---|---|---|
| 001 | 000034297 | ||
| 005 | 20200930073627.0 | ||
| 008 | 110930s1973 dr 000 0 spa d | ||
| 040 |
_aDO-SdBNP _bspa _cBNPHU |
||
| 082 |
_axxxx _bD632s |
||
| 100 | 1 |
_aDobal, Carlos _926322 |
|
| 245 | 1 | 0 |
_aSantos de palo y santeros dominicanos. / _cCarlos Dobal. |
| 260 |
_aSantiago de los Caballeros, : _bUniversidad Católica Madre y Maestra, _c1973. |
||
| 300 |
_a32 p. : _bil. retr. ; _c22 cm. |
||
| 490 | 1 | _aEstudio | |
| 830 | 0 |
_aEstudio _911006 |
|
| 049 | _aBNPD | ||
| 999 |
_c33788 _d33788 |
||